<?xml version="1.0" encoding="UTF-8"?>
<record
    xmlns:xsi="http://www.w3.org/2001/XMLSchema-instance"
    xsi:schemaLocation="http://www.loc.gov/MARC21/slim http://www.loc.gov/standards/marcxml/schema/MARC21slim.xsd"
    xmlns="http://www.loc.gov/MARC21/slim">

  <leader>01582nam a22002297a 4500</leader>
  <datafield tag="999" ind1=" " ind2=" ">
    <subfield code="c">57179</subfield>
    <subfield code="d">57179</subfield>
  </datafield>
  <controlfield tag="003">Ge_BSU</controlfield>
  <controlfield tag="005">20191224095820.0</controlfield>
  <controlfield tag="008">191224s2003    ge ||||| |||| 00| 0 geo d</controlfield>
  <datafield tag="020" ind1=" " ind2=" ">
    <subfield code="a">9992807687</subfield>
  </datafield>
  <datafield tag="040" ind1=" " ind2=" ">
    <subfield code="a"> </subfield>
  </datafield>
  <datafield tag="041" ind1=" " ind2=" ">
    <subfield code="a">geo</subfield>
  </datafield>
  <datafield tag="080" ind1=" " ind2=" ">
    <subfield code="a">311 &#x10E1;-32</subfield>
  </datafield>
  <datafield tag="245" ind1=" " ind2=" ">
    <subfield code="a">&#x10E1;&#x10D0;&#x10E5;&#x10D0;&#x10E0;&#x10D7;&#x10D5;&#x10D4;&#x10DA;&#x10DD;&#x10E1; &#x10DB;&#x10DD;&#x10E1;&#x10D0;&#x10EE;&#x10DA;&#x10D4;&#x10DD;&#x10D1;&#x10D8;&#x10E1; 2002 &#x10EC;&#x10DA;&#x10D8;&#x10E1; &#x10DE;&#x10D8;&#x10E0;&#x10D5;&#x10D4;&#x10DA;&#x10D8; &#x10D4;&#x10E0;&#x10DD;&#x10D5;&#x10DC;&#x10E3;&#x10DA;&#x10D8; &#x10E1;&#x10D0;&#x10E7;&#x10DD;&#x10D5;&#x10D4;&#x10DA;&#x10D7;&#x10D0;&#x10DD; &#x10D0;&#x10E6;&#x10EC;&#x10D4;&#x10E0;&#x10D8;&#x10E1; &#x10E8;&#x10D4;&#x10D3;&#x10D4;&#x10D2;&#x10D4;&#x10D1;&#x10D8; :</subfield>
    <subfield code="b">&#x10E2;. 1. /</subfield>
    <subfield code="c">&#x10E1;&#x10D0;&#x10E5;. &#x10E1;&#x10E2;&#x10D0;&#x10E2;&#x10D8;&#x10E1;&#x10E2;&#x10D8;&#x10D9;&#x10D8;&#x10E1; &#x10E1;&#x10D0;&#x10EE;. &#x10D3;&#x10D4;&#x10DE;&#x10D0;&#x10E0;&#x10E2;&#x10D0;&#x10DB;&#x10D4;&#x10DC;&#x10E2;&#x10D8; ; [&#x10EC;&#x10D8;&#x10D2;&#x10DC;&#x10D8; &#x10DB;&#x10DD;&#x10D0;&#x10DB;&#x10D6;&#x10D0;&#x10D3;&#x10D0; &#x10E1;&#x10D0;&#x10DB;&#x10E3;&#x10E8;&#x10D0;&#x10DD; &#x10EF;&#x10D2;&#x10E3;&#x10E4;&#x10DB;&#x10D0;: &#x10EA;&#x10D8;&#x10D0;&#x10DA;&#x10D0; &#x10D4;&#x10DA;&#x10D8;&#x10D0;&#x10EB;&#x10D4; (&#x10EE;&#x10D4;&#x10DA;&#x10DB;&#x10EB;&#x10E6;&#x10D5;.), &#x10DC;&#x10D0;&#x10D7;&#x10D4;&#x10DA;&#x10D0; &#x10E5;&#x10D5;&#x10D4;&#x10DA;&#x10D0;&#x10EB;&#x10D4;, &#x10D8;&#x10E0;&#x10D0;&#x10D9;&#x10DA;&#x10D8; &#x10D0;&#x10E4;&#x10EE;&#x10D0;&#x10D8;&#x10EB;&#x10D4; &#x10D3;&#x10D0; &#x10E1;&#x10EE;&#x10D5;. ; &#x10E1;&#x10D0;&#x10E0;&#x10D4;&#x10D3;. &#x10D9;&#x10DD;&#x10DA;.: &#x10D7;&#x10D4;&#x10D8;&#x10DB;&#x10E3;&#x10E0;&#x10D0;&#x10D6; &#x10D1;&#x10D4;&#x10E0;&#x10D8;&#x10EB;&#x10D4; (&#x10DB;&#x10D7;. &#x10E0;&#x10D4;&#x10D3;.) &#x10D3;&#x10D0; &#x10E1;&#x10EE;&#x10D5;.</subfield>
  </datafield>
  <datafield tag="264" ind1=" " ind2=" ">
    <subfield code="a">&#x10D7;&#x10D1;&#x10D8;&#x10DA;&#x10D8;&#x10E1;&#x10D8;,</subfield>
    <subfield code="c">2003.</subfield>
  </datafield>
  <datafield tag="300" ind1=" " ind2=" ">
    <subfield code="a">220 &#x10D2;&#x10D5;.</subfield>
    <subfield code="b">26 &#x10E1;&#x10DB;.</subfield>
  </datafield>
  <datafield tag="653" ind1=" " ind2=" ">
    <subfield code="a">&#x10E1;&#x10D0;&#x10E5;&#x10D0;&#x10E0;&#x10D7;&#x10D5;&#x10D4;&#x10DA;&#x10DD;&#x10E1; &#x10DB;&#x10DD;&#x10E1;&#x10D0;&#x10EE;&#x10DA;&#x10D4;&#x10DD;&#x10D1;&#x10D8;&#x10E1; &#x10E1;&#x10E2;&#x10D0;&#x10E2;&#x10D8;&#x10E1;&#x10E2;&#x10D8;&#x10D9;&#x10D0;</subfield>
  </datafield>
  <datafield tag="653" ind1=" " ind2=" ">
    <subfield code="a">&#x10E1;&#x10D0;&#x10E5;&#x10D0;&#x10E0;&#x10D7;&#x10D5;&#x10D4;&#x10DA;&#x10DD;&#x10E1; &#x10DB;&#x10DD;&#x10E1;&#x10D0;&#x10EE;&#x10DA;&#x10D4;&#x10DD;&#x10D1;&#x10D8;&#x10E1; 2002 &#x10EC;&#x10DA;&#x10D8;&#x10E1; &#x10D0;&#x10E6;&#x10EC;&#x10D4;&#x10E0;&#x10D0;</subfield>
  </datafield>
  <datafield tag="700" ind1=" " ind2=" ">
    <subfield code="a">&#x10D4;&#x10DA;&#x10D8;&#x10D0;&#x10EB;&#x10D4;, &#x10EA;&#x10D8;&#x10D0;&#x10DA;&#x10D0;</subfield>
    <subfield code="9">5930</subfield>
  </datafield>
  <datafield tag="700" ind1=" " ind2=" ">
    <subfield code="a">&#x10D1;&#x10D4;&#x10E0;&#x10D8;&#x10EB;&#x10D4;, &#x10D7;&#x10D4;&#x10D8;&#x10DB;&#x10E3;&#x10E0;&#x10D0;&#x10D6;</subfield>
    <subfield code="e">&#x10E0;&#x10D4;&#x10D3;&#x10D0;&#x10E5;&#x10E2;&#x10DD;&#x10E0;&#x10D8;</subfield>
    <subfield code="9">5931</subfield>
  </datafield>
  <datafield tag="710" ind1=" " ind2=" ">
    <subfield code="a">&#x10E1;&#x10D0;&#x10E5;&#x10D0;&#x10E0;&#x10D7;&#x10D5;&#x10D4;&#x10DA;&#x10DD;&#x10E1; &#x10E1;&#x10E2;&#x10D0;&#x10E2;&#x10D8;&#x10E1;&#x10E2;&#x10D8;&#x10D9;&#x10D8;&#x10E1; &#x10E1;&#x10D0;&#x10EE;. &#x10D3;&#x10D4;&#x10DE;&#x10D0;&#x10E0;&#x10E2;&#x10D0;&#x10DB;&#x10D4;&#x10DC;&#x10E2;&#x10D8;</subfield>
    <subfield code="9">5932</subfield>
  </datafield>
  <datafield tag="942" ind1=" " ind2=" ">
    <subfield code="2">udc</subfield>
    <subfield code="c">BK</subfield>
  </datafield>
  <datafield tag="952" ind1=" " ind2=" ">
    <subfield code="0">0</subfield>
    <subfield code="1">0</subfield>
    <subfield code="2">udc</subfield>
    <subfield code="3">&#x10E5;&#x10E1;&#x10D4;&#x10E0;&#x10DD;&#x10D0;&#x10E1;&#x10DA;&#x10D8;</subfield>
    <subfield code="4">0</subfield>
    <subfield code="6">311_&#x10E1;32</subfield>
    <subfield code="7">0</subfield>
    <subfield code="9">88037</subfield>
    <subfield code="a">CPL</subfield>
    <subfield code="b">CPL</subfield>
    <subfield code="d">2019-12-24</subfield>
    <subfield code="g">7.50</subfield>
    <subfield code="o">311 &#x10E1;-32</subfield>
    <subfield code="p">00591</subfield>
    <subfield code="r">2019-12-24</subfield>
    <subfield code="t">00591</subfield>
    <subfield code="w">2019-12-24</subfield>
    <subfield code="y">BK</subfield>
    <subfield code="z">7 &#x10DA;. 50 &#x10D7;.</subfield>
  </datafield>
</record>
